000 00902nam a22003017a 4500
003 CHAP
005 20220329135759.0
008 971013s1971 r 00010 d
010 _a41996
011 _a42968
035 _a47098
040 _cCHAP
082 _a025.3
_bE87
100 0 0 _aEscreet, P. K.
_937581
245 _aIntroduction to the Anglo-American cataloguing rules
260 _aNew York :
_bSeminar Press,
_c1971
300 _a383 p.
490 _aGrafton Library Science Series
590 _aBATCH-UPD
_b10
_c20130110
_lUCH01
_h2047
590 _aBATCH-UPD
_b10
_c20130410
_lUCH01
_h1400
590 _aBATCH-UPD
_b10
_c20130914
_lUCH01
_h0900
590 _aCONVERSION
_b10
_c20130109
_lUCH01
_h1323
650 1 4 _aCatalogación.
_920484
830 0 _aGrafton Library Science Series
_950201
901 _aBK
942 _cLIBRO
949 _a025.3 E87
_bBC
_cB
_d-107151
_eB
_h58065
_i47098
_si
999 _c41996
_d41996